000 00276nam a22001337a 4500
008 180202b xxu||||| |||| 00| 0 eng d
020 _a0762205156
041 _aeng
080 _a510
100 _a510
101 _aMAT
245 _aHot Words Hot Topics
942 _2udc
_cBK
999 _c41678
_d41678